[Event "Êîìàíäíîå ïåð-âî ÐÔ 2012 ã. ïî êëàññè÷åñêèì øàõìàòàì "]
[Site "Ðûáèíñê"]
[Date "2012.08.09"]
[Round "8.41"]
[White "Áóêàâøèí Èâàí "]
[Black "Ëåïêàñîâ Âëàäèñëàâ "]
[Result "1-0"]
[WhiteElo "2498"]
[BlackElo "2171"]
[Annotator ""]
[Source ""]
[Remark ""]

1.e4 c5 2.Nf3 d6 3.d4 cxd4 4.Nxd4 Nf6 5.Nc3 a6 6.Bg5 e6 7.f4
Be7 8.Qf3 Nbd7 9.O-O-O Qc7 10.g4 b5 11.Bxf6 Nxf6 12.g5 Nd7 13.f5
Bxg5+ 14.Kb1 Ne5 15.Qh5 Qd8 16.h4 Bf6 17.fxe6 O-O 18.Bh3 fxe6
19.Bxe6+ Kh8 20.Nd5 Ra7 21.Rhf1 Bxe6 22.Nxe6 Qe8 23.Nxf6 gxf6
24.Rxf6 Rg8 25.Qf5 Qe7 26.Ng5 Qg7 27.Rdxd6 Re8 28.Rh6 Rf7 29.Rdf6
Kg8 30.Rxf7 Nxf7 31.Rxh7 1-0

[Event "Êîìàíäíîå ïåð-âî ÐÔ 2012 ã. ïî êëàññè÷åñêèì øàõìàòàì "]
[Site "Ðûáèíñê"]
[Date "2012.08.09"]
[Round "8.42"]
[White "Èïàòîâ Àëåêñàíäð "]
[Black "Ïðåäêå Àëåêñàíäð "]
[Result "0-1"]
[WhiteElo "2159"]
[BlackElo "2475"]
[Annotator ""]
[Source ""]
[Remark ""]

1.e4 e5 2.Nf3 Nc6 3.Bb5 a6 4.Ba4 Nf6 5.O-O Be7 6.Re1 b5 7.Bb3
d6 8.c3 O-O 9.h3 Na5 10.Bc2 c5 11.d4 Qc7 12.d5 Bd7 13.Nbd2 c4
14.Nf1 Nb7 15.Ng3 Nc5 16.Nh2 a5 17.b4 cxb3 18.axb3 a4 19.b4 Nb3
20.Bxb3 Qxc3 21.Rb1 axb3 22.Bd2 Qc2 23.Qxc2 bxc2 24.Rb2 Rfc8
25.Rc1 Bd8 26.f3 Bb6+ 27.Kf1 Ne8 28.Ng4 g6 29.Ne3 f5 30.exf5
Bxe3 31.Bxe3 gxf5 32.Bg5 Nc7 33.Be7 Nxd5 34.Bxd6 Ne3+ 35.Kg1
Nc4 36.Rbxc2 Nxd6 37.Rxc8+ Rxc8 38.Rd1 Rc6 39.Rd5 Kf7 40.Rxe5
Rc4 41.Rd5 Ke6 42.Rd1 Rxb4 43.Ne2 f4 44.Nd4+ Ke5 45.Nc2 Rc4 46.Na3
Rc3 47.Nb1 Re3 48.Nd2 Bf5 49.Kf2 Nc4 50.g4 Bd3 0-1

[Event "Êîìàíäíîå ïåð-âî ÐÔ 2012 ã. ïî êëàññè÷åñêèì øàõìàòàì "]
[Site "Ðûáèíñê"]
[Date "2012.08.09"]
[Round "8.43"]
[White "Ñàíæàåâ Äàðñåí "]
[Black "Åðìîëàåâ Åâãåíèé "]
[Result "1-0"]
[WhiteElo "2335"]
[BlackElo "2161"]
[Annotator ""]
[Source ""]
[Remark ""]

1.d4 Nf6 2.c4 g6 3.g3 Bg7 4.Bg2 d6 5.Nf3 O-O 6.O-O Nbd7 7.Nc3
e5 8.e4 c6 9.h3 Qb6 10.Re1 exd4 11.Nxd4 Ng4 12.Nce2 Nge5 13.b3
Nc5 14.Be3 Re8 15.Rb1 a5 16.a3 Qc7 17.f4 Ned7 18.Nc3 Nf6 19.Bf2
Bd7 20.Qd2 Ne6 21.Nf3 Rad8 22.b4 axb4 23.axb4 Nf8 24.Nd4 Ne6
25.Nc2 h5 26.Na4 c5 27.b5 Ra8 28.Nc3 Nd4 29.Nxd4 cxd4 30.Bxd4
Qxc4 31.Rbc1 Rac8 32.Kh1 Qb4 33.Rb1 Qa5 34.Rbd1 Ra8 35.Qb2 Qa3
36.Qf2 Rec8 37.e5 dxe5 38.fxe5 Nh7 39.Nd5 Ng5 40.Kh2 Ne6 41.Nb6
Nxd4 42.Qxd4 Bxb5 43.Ra1 Qf8 44.Nxa8 Rxa8 45.Bxb7 Rxa1 46.Rxa1
Qe7 47.Qd5 Bc4 48.Qxc4 Qxb7 49.Re1 Qa7 50.Kg2 Qb7+ 51.Qe4 Qc7
52.e6 Qe7 53.exf7+ Qxf7 54.Qe6 Qxe6 55.Rxe6 Kf7 56.Ra6 Be5 57.Kf3
Kg7 58.Ra3 Kf6 59.Ke4 Bc7 60.Kd5 Kf5 61.Rf3+ Kg5 62.Ke6 Bb8 63.Kf7
Be5 64.Rb3 Bd6 65.h4+ Kf5 66.Rb5+ Kg4 67.Rg5+ Kh3 68.Rxg6 Bxg3
69.Rxg3+ 1-0

[Event "Êîìàíäíîå ïåð-âî ÐÔ 2012 ã. ïî êëàññè÷åñêèì øàõìàòàì "]
[Site "Ðûáèíñê"]
[Date "2012.08.09"]
[Round "8.44"]
[White "Ìàêàðåíêî Àëåêñàíäðà "]
[Black "Ìèðçàåâà Ãóëüíàðà "]
[Result "1-0"]
[WhiteElo "2123"]
[BlackElo "1776"]
[Annotator ""]
[Source ""]
[Remark ""]

1.e4 e5 2.Nf3 Nc6 3.Bb5 a6 4.Ba4 Nf6 5.O-O b5 6.Bb3 Bc5 7.c3
d6 8.a4 Rb8 9.d4 Bb6 10.axb5 axb5 11.Na3 O-O 12.Nxb5 Bg4 13.Bc2
exd4 14.cxd4 d5 15.e5 Ne4 16.h3 Bxf3 17.gxf3 Ng5 18.Kh2 Ne6 19.Ra4
Qh4 20.Be3 Nf4 21.Bf5 Ne7 22.Qc2 Nfg6 23.Nc3 Nxf5 24.Qxf5 c6
25.Bg5 Qh5 26.Qg4 Qxg4 27.fxg4 Bc7 28.Ra6 f6 29.Bc1 fxe5 30.Rxc6
exd4+ 31.Rxc7 dxc3 32.Rxc3 d4 33.Ra3 Ne5 34.f4 Nc6 35.Kg3 Rfe8
36.Kf3 Rb5 37.Rd1 Kf7 38.f5 h5 39.Kf4 hxg4 40.hxg4 Rbe5 41.Ra6
Rc5 42.Rb6 Re7 43.b4 Rc4 44.Kg5 Nxb4 45.Rxb4 Rxb4 46.Ba3 Rc4
47.Bxe7 Kxe7 48.Kg6 Kf8 49.g5 Rc6+ 50.f6 gxf6 51.gxf6 Rd6 52.Ra1
Rd8 53.Ra7 d3 54.Rh7 Kg8 55.f7+ 1-0

[Event "Êîìàíäíîå ïåð-âî ÐÔ 2012 ã. ïî êëàññè÷åñêèì øàõìàòàì "]
[Site "Ðûáèíñê"]
[Date "2012.08.09"]
[Round "8.51"]
[White "Ôåäîñååâ Âëàäèìèð "]
[Black "Ìàðòûíîâ Ïàâåë "]
[Result "1-0"]
[WhiteElo "2498"]
[BlackElo "2289"]
[Annotator ""]
[Source ""]
[Remark ""]

1.c4 e6 2.Nc3 d5 3.d4 c6 4.Qd3 Nf6 5.Nf3 dxc4 6.Qxc4 b5 7.Qd3
a6 8.e4 c5 9.e5 Nd5 10.dxc5 Bxc5 11.Nxd5 exd5 12.Be2 Nc6 13.O-O
O-O 14.a4 b4 15.Bg5 Nxe5 16.Nxe5 Qxg5 17.Qxd5 Bh3 18.Bf3 Rae8
19.Rae1 Bb6 20.Nc4 Bxf2+ 21.Kxf2 Qh4+ 22.g3 Qf6 23.Rxe8 Rxe8
24.Re1 Rxe1 25.Qa8+ 1-0

[Event "Êîìàíäíîå ïåð-âî ÐÔ 2012 ã. ïî êëàññè÷åñêèì øàõìàòàì "]
[Site "Ðûáèíñê"]
[Date "2012.08.09"]
[Round "8.52"]
[White "Ãàíè÷åâ Àëåêñàíäð"]
[Black "×èãàåâ Ìàêñèì "]
[Result "1/2-1/2"]
[WhiteElo "2210"]
[BlackElo "2462"]
[Annotator ""]
[Source ""]
[Remark ""]

1.e4 e6 2.d4 d5 3.Nc3 Bb4 4.e5 c5 5.a3 Bxc3+ 6.bxc3 Ne7 7.Qg4
Qc7 8.Bd3 cxd4 9.Ne2 Qxe5 10.Bf4 h5 11.Qh4 Nf5 12.Qg5 Qf6 13.Qxf6
gxf6 14.Bxf5 exf5 15.Nxd4 O-O 16.O-O Nc6 17.Nb5 Be6 18.Rfe1 Ne5
19.Bxe5 fxe5 20.Rxe5 Rac8 21.Re3 Rc5 22.Rb1 f4 23.Rf3 a6 24.Nd4
b5 25.Rb3 Rfc8 26.h3 Bd7 27.Kf1 a5 28.Ne2 d4 29.Nxd4 a4 30.Rb2
Rxc3 31.Rxc3 Rxc3 32.Nxb5 Bxb5+ 33.Rxb5 Rxa3 34.Rxh5 f3 35.gxf3
Rxf3 36.Ra5 Rc3 37.Rxa4 Rxc2 38.Kg2 Kg7 39.Kg3 Rb2 40.h4 Rc2
41.h5 Kh6 42.Ra7 Kxh5 43.Rxf7 Kg6 44.Ra7 Rb2 45.Ra6+ Kg7 46.f4
Rb3+ 47.Kg4 Rb5 48.Rc6 Ra5 49.Rc7+ Kf6 50.Rh7 Kg6 51.Rb7 Kf6
52.Rb6+ Kg7 53.f5 Ra1 1/2-1/2

[Event "Êîìàíäíîå ïåð-âî ÐÔ 2012 ã. ïî êëàññè÷åñêèì øàõìàòàì "]
[Site "Ðûáèíñê"]
[Date "2012.08.09"]
[Round "8.53"]
[White "Êóçüìèí Åãîð "]
[Black "Øïàðòüêî Ãðèãîðèé "]
[Result "1/2-1/2"]
[WhiteElo "1134"]
[BlackElo "2122"]
[Annotator ""]
[Source ""]
[Remark ""]

1.d4 Nf6 2.c4 g6 3.Nc3 Bg7 4.e4 d6 5.f4 O-O 6.Nf3 c5 7.dxc5 Qa5
8.Bd3 Qxc5 9.Qe2 Nc6 10.Be3 Qa5 11.O-O Ng4 12.Bc1 Qh5 13.h3 Nd4
14.Qd1 Nxf3+ 15.Qxf3 Bd4+ 16.Kh1 Qh4 17.Nd1 Nf6 18.Be3 Bg4 19.Qf2
Qxf2 20.Rxf2 Bxe3 21.Nxe3 Bd7 22.Kh2 Bc6 23.Nd5 Bxd5 24.cxd5
Rac8 25.Rc2 Rxc2 26.Bxc2 Rc8 27.Bd3 Rc5 28.Kg3 e6 29.dxe6 fxe6
30.Kf3 a5 31.Ke3 Kf7 32.b4 axb4 33.Rb1 Nd7 34.Rxb4 Rc7 35.g4
h6 36.Bb5 Nc5 37.Kd4 Ke7 38.Rc4 Rc8 39.h4 g5 40.hxg5 hxg5 41.fxg5
Rg8 42.e5 Rxg5 43.exd6+ Kxd6 44.Ke3 e5 45.a4 Nb3 46.Rb4 Nd4 47.Bd3
b5 48.axb5 Rxg4 49.Rb1 Rg3+ 50.Kd2 Kd5 1/2-1/2

[Event "Êîìàíäíîå ïåð-âî ÐÔ 2012 ã. ïî êëàññè÷åñêèì øàõìàòàì "]
[Site "Ðûáèíñê"]
[Date "2012.08.09"]
[Round "8.54"]
[White "Ëåæåïåêîâà Âåðîíèêà "]
[Black "Ôåäîñååâà Âàëåíòèíà "]
[Result "1-0"]
[WhiteElo "2124"]
[BlackElo "1957"]
[Annotator ""]
[Source ""]
[Remark ""]

1.d4 Nf6 2.Nf3 e6 3.c4 d5 4.e3 Be7 5.Nc3 O-O 6.Bd3 Nbd7 7.O-O
c5 8.cxd5 Nxd5 9.Nxd5 exd5 10.b3 cxd4 11.Nxd4 Ne5 12.Bxh7+ Kxh7
13.Qh5+ Kg8 14.Qxe5 Bg4 15.Qg3 Bc8 16.Bb2 Bf6 17.Rac1 Re8 18.Rfd1
Be5 19.f4 Bf6 20.Rc2 Qb6 1-0

[Event "Êîìàíäíîå ïåð-âî ÐÔ 2012 ã. ïî êëàññè÷åñêèì øàõìàòàì "]
[Site "Ðûáèíñê"]
[Date "2012.08.09"]
[Round "8.61"]
[White "Þäèí Èâàí "]
[Black "Ãîðäèåâñêèé Äìèòðèé "]
[Result "1/2-1/2"]
[WhiteElo "2268"]
[BlackElo "2437"]
[Annotator ""]
[Source ""]
[Remark ""]

1.d4 Nf6 2.c4 e6 3.Nc3 Bb4 4.f3 c5 5.d5 O-O 6.e4 b5 7.Bg5 Bb7
8.Nh3 h6 9.Bh4 bxc4 10.d6 g5 11.Bg3 Bxe4 12.fxe4 Nxe4 13.Qc2
Qf6 14.O-O-O Nxc3 15.bxc3 Bxc3 16.Nf2 Qg7 17.Bxc4 Nc6 18.Ne4
Bd4 19.Be1 f5 20.Nd2 Rab8 21.Bb3 Nb4 22.Qc4 g4 23.Bh4 Nd5 24.Nf1
Rb4 25.Qd3 Rfb8 26.Be1 R4b7 27.Qc4 Nb6 28.Qd3 Nd5 29.Qc4 Qe5
30.Ba5 Rb5 31.Bd2 R5b6 32.h3 g3 33.Re1 Qg7 34.Ba5 Rxd6 35.Re2
Rc6 36.Nd2 Nf4 37.Bc2 d5 38.Qa4 Nxe2+ 39.Kd1 Ra6 40.Kxe2 Qe5+
41.Kd1 Bf2 42.Bc3 Qd6 43.Qh4 d4 44.Bb2 Kg7 45.Nc4 Qd8 46.Qf4
Rxb2 47.Nxb2 Rxa2 48.Qe5+ Qf6 49.Qc7+ Qf7 50.Qe5+ Qf6 51.Qc7+
Qf7 52.Qe5+ Kh7 53.Bb3 Rxb2 54.Bxe6 Qg7 55.Bxf5+ Kg8 56.Qe8+
Qf8 57.Qg6+ 1/2-1/2

[Event "Êîìàíäíîå ïåð-âî ÐÔ 2012 ã. ïî êëàññè÷åñêèì øàõìàòàì "]
[Site "Ðûáèíñê"]
[Date "2012.08.09"]
[Round "8.62"]
[White "Ïóñòîâîéòîâà Äàðüÿ "]
[Black "Ãðèøèí Àëåêñàíäð "]
[Result "0-1"]
[WhiteElo "2294"]
[BlackElo "2229"]
[Annotator ""]
[Source ""]
[Remark ""]

1.e4 c6 2.d4 d5 3.Nc3 dxe4 4.Nxe4 Nd7 5.Ng5 Ngf6 6.Bd3 e6 7.N1f3
Bd6 8.Qe2 h6 9.Ne4 Nxe4 10.Qxe4 Nf6 11.Qe2 Qc7 12.Bd2 b6 13.O-O-O
Bf4 14.Ne5 Bxd2+ 15.Rxd2 Bb7 16.Bc4 b5 17.Bb3 a5 18.a3 O-O 19.f3
Qb6 20.Qe3 Rac8 21.g4 c5 22.g5 cxd4 23.Qg1 hxg5 24.Qxg5 Rc5 25.Rg1
Ne8 26.f4 a4 27.Ba2 Be4 28.Qg4 Bf5 29.Qe2 Bxc2 30.Rxc2 d3 31.Qxd3
Rxc2+ 32.Kxc2 Qc5+ 33.Kd2 Qf2+ 34.Kc3 Qxg1 35.Nd7 Qc1+ 36.Qc2
Qe1+ 37.Qd2 Qa1 38.Bxe6 fxe6 39.Nxf8 Qa2 40.Kb4 Qc4+ 0-1

[Event "Êîìàíäíîå ïåð-âî ÐÔ 2012 ã. ïî êëàññè÷åñêèì øàõìàòàì "]
[Site "Ðûáèíñê"]
[Date "2012.08.09"]
[Round "8.63"]
[White "Ïèñêîâåö Íèêèòà"]
[Black "Ðîìàíîâ Ñòàíèñëàâ "]
[Result "0-1"]
[WhiteElo "1104"]
[BlackElo "2115"]
[Annotator ""]
[Source ""]
[Remark ""]

1.d4 Nf6 2.Nf3 e6 3.c4 Bb4+ 4.Bd2 Qe7 5.g3 b6 6.Bg2 Bb7 7.O-O
O-O 8.Bf4 Bd6 9.Bxd6 cxd6 10.Na3 d5 11.Rc1 dxc4 12.Nxc4 d5 13.Nce5
Ne4 14.Qa4 f6 15.Nd3 Qd6 16.Bh3 Nc6 17.Rc2 g5 18.Rfc1 Rac8 19.b4
h5 20.b5 Na5 21.Bg2 Rc4 22.Rxc4 dxc4 23.Nde1 g4 24.Nh4 Qxd4 25.e3
Qd2 26.Qc2 Qxc2 27.Nxc2 Nc3 28.Nd4 Nxa2 29.Ra1 Bxg2 30.Kxg2 e5
31.Rxa2 exd4 32.exd4 Kf7 33.Nf5 Rd8 34.f3 Ke6 35.Ng7+ Kd5 36.Nxh5
gxf3+ 37.Kxf3 c3 38.Nf4+ Kc4 39.Ne2 Kb3 40.Nc1+ Kb4 41.Ne2 Rc8
42.Nxc3 Rxc3+ 43.Kf4 Kxb5 44.h4 Kc6 45.h5 Kd6 46.g4 Ke6 47.d5+
Kf7 48.d6 Nc6 49.d7 Rc4+ 50.Kg3 Rd4 51.Rc2 Ne5 0-1

[Event "Êîìàíäíîå ïåð-âî ÐÔ 2012 ã. ïî êëàññè÷åñêèì øàõìàòàì "]
[Site "Ðûáèíñê"]
[Date "2012.08.09"]
[Round "8.64"]
[White "Ôðîëîâà Åêàòåðèíà "]
[Black "Ïàðàìçèíà Àíàñòàñèÿ "]
[Result "0-1"]
[WhiteElo "2078"]
[BlackElo "2021"]
[Annotator ""]
[Source ""]
[Remark ""]

1.e4 c5 2.Nf3 d6 3.d4 cxd4 4.Nxd4 Nf6 5.Nc3 a6 6.Be3 e6 7.g4
e5 8.Nf5 g6 9.Bg2 gxf5 10.exf5 h5 11.h3 d5 12.Bxd5 Bb4 13.Bg5
Bxc3+ 14.bxc3 Qxd5 15.Qxd5 Nxd5 16.O-O-O Ne7 17.f4 Rg8 18.Rhe1
Nbc6 19.f6 Ng6 20.f5 Nf8 21.Bh6 hxg4 22.hxg4 Rxg4 23.Bxf8 Kxf8
24.Rxe5 Rg5 25.Rdd5 Be6 0-1

[Event "Êîìàíäíîå ïåð-âî ÐÔ 2012 ã. ïî êëàññè÷åñêèì øàõìàòàì "]
[Site "Ðûáèíñê"]
[Date "2012.08.09"]
[Round "8.71"]
[White "Ïàñèåâ Ðàõèì "]
[Black "Òàðàñîâ Àëåêñàíäð "]
[Result "1-0"]
[WhiteElo "2325"]
[BlackElo "2124"]
[Annotator ""]
[Source ""]
[Remark ""]

1.d4 Nf6 2.Nc3 d5 3.Bg5 c6 4.Qd2 Nbd7 5.e3 e5 6.dxe5 Nxe5 7.Nf3
Bd6 8.O-O-O O-O 9.e4 Be6 10.exd5 Bxd5 11.Nxd5 cxd5 12.Qd4 Re8
13.Bb5 Nxf3 14.gxf3 Be5 15.Qa4 Re6 16.f4 Bd6 17.Bd3 Bc5 18.f3
Rb6 19.a3 Qe8 20.Qa5 Qe3+ 21.Kb1 Bd4 22.c3 Qf2 23.Bc2 Be3 24.Rhf1
Qxh2 25.Rh1 Qg2 26.Bxf6 gxf6 27.Qxd5 Rc8 28.Qe4 Bc5 29.Qxh7+
Kf8 30.Qf5 Rxb2+ 31.Kxb2 Bxa3+ 32.Kxa3 1-0

[Event "Êîìàíäíîå ïåð-âî ÐÔ 2012 ã. ïî êëàññè÷åñêèì øàõìàòàì "]
[Site "Ðûáèíñê"]
[Date "2012.08.09"]
[Round "8.72"]
[White "Êîæåâíèêîâ Èâàí "]
[Black "Êîð÷ìàðü Âàñèëèé "]
[Result "0-1"]
[WhiteElo "2073"]
[BlackElo "2234"]
[Annotator ""]
[Source ""]
[Remark ""]

1.e4 c5 2.Nf3 e6 3.d4 cxd4 4.Nxd4 Nc6 5.Nc3 a6 6.Be3 Nf6 7.Bd3
e5 8.Nb3 d5 9.exd5 Nxd5 10.Nxd5 Qxd5 11.O-O Nb4 12.Qh5 Nxd3 13.Rad1
g6 14.Qe2 Bf5 15.g4 Be6 16.Rxd3 Qc4 17.f3 h5 18.Rfd1 Be7 19.h3
hxg4 20.hxg4 e4 21.Bd4 exf3 22.Qf2 Rh4 23.Nd2 Rxg4+ 24.Kf1 Qxc2
25.Nxf3 Qxf2+ 26.Kxf2 O-O-O 27.Rc3+ Kb8 28.Be5+ Ka8 29.Nd4 Bd5
30.Bc7 Rg2+ 31.Kf1 Rh8 32.Bh2 Rgxh2 33.Ne2 Rh1+ 34.Ng1 Bc6 35.Re3
Bc5 36.Rg3 Bxg1 0-1

[Event "Êîìàíäíîå ïåð-âî ÐÔ 2012 ã. ïî êëàññè÷åñêèì øàõìàòàì "]
[Site "Ðûáèíñê"]
[Date "2012.08.09"]
[Round "8.73"]
[White "Åðàìÿí Ãàìëåò "]
[Black "Åëåöêèé Èâàí "]
[Result "1-0"]
[WhiteElo "2070"]
[BlackElo "2115"]
[Annotator ""]
[Source ""]
[Remark ""]

1.d4 d5 2.Nf3 Nf6 3.c4 c6 4.Qc2 dxc4 5.Qxc4 Bf5 6.e3 e6 7.g3
Qd5 8.Nbd2 Nbd7 9.Bg2 Qxc4 10.Nxc4 Be4 11.Bd2 Be7 12.O-O O-O
13.Rac1 c5 14.Rfd1 Rac8 15.dxc5 Nxc5 16.Bb4 Nd5 17.Bxc5 Rxc5
18.Ncd2 Bc2 19.Rf1 Rfc8 20.Nd4 Bd3 21.Rxc5 Rxc5 22.Rd1 Bg6 23.N2b3
Rc8 24.Nb5 Rc2 25.Rd2 Bf6 26.Rxc2 Bxc2 27.N3d4 Bb1 28.Bxd5 exd5
29.Nc3 Be4 30.Kf1 g5 31.b3 b6 32.Nxe4 dxe4 33.Nb5 a6 34.Nd6 Be7
35.Nxe4 Kg7 36.Ke2 Kg6 37.Nc3 Kf5 38.f3 Ke5 39.Kd3 h5 40.f4+
gxf4 41.gxf4+ Kf5 42.h3 Bd8 43.Ne2 Ke6 44.e4 Kd6 45.Kd4 Bh4 46.e5+
Ke6 47.Ke4 f5+ 48.Kf3 Kf7 49.Nd4 Kg6 50.Ne6 Kf7 51.Nc7 a5 52.Ke3
Bg3 53.a4 Bh2 54.Nb5 Kg7 55.Nc3 Kf7 56.Ne2 h4 57.Kf3 Ke6 58.Kg2
Bxf4 59.Nxf4+ Kxe5 60.Ng6+ Kd4 61.Nxh4 Kc3 62.Nxf5 Kxb3 1-0

[Event "Êîìàíäíîå ïåð-âî ÐÔ 2012 ã. ïî êëàññè÷åñêèì øàõìàòàì "]
[Site "Ðûáèíñê"]
[Date "2012.08.09"]
[Round "8.74"]
[White "Êèñòåíåâà Åëèçàâåòà "]
[Black "Òîìíèêîâà Ëèäèÿ "]
[Result "0-1"]
[WhiteElo "2040"]
[BlackElo "2068"]
[Annotator ""]
[Source ""]
[Remark ""]

1.e4 e5 2.Nf3 Nc6 3.Bb5 a6 4.Ba4 Nf6 5.O-O Be7 6.Re1 b5 7.Bb3
O-O 8.h3 d6 9.c3 Na5 10.Bc2 c5 11.d4 Qc7 12.Nbd2 cxd4 13.cxd4
Nc6 14.d5 Nb4 15.Bb1 a5 16.Nf1 Bd7 17.a3 Na6 18.b3 Rfc8 19.Ng3
Nc5 20.Ra2 b4 21.a4 Bd8 22.Nh2 Qb6 23.Kh1 Ra7 24.Rae2 Rac7 25.Bb2
h6 26.Ngf1 Qa6 27.g4 h5 28.f3 Nh7 29.Ne3 h4 30.Nhf1 Nf8 31.Ng2
Bg5 32.Nfe3 Ng6 33.Nf5 Qb6 34.Kh2 Rd8 35.Rg1 Bc8 36.Ree1 Ba6
37.Kh1 Rdc8 38.Kh2 Rd7 39.Kh1 Rdc7 40.Kh2 Nb7 41.Bd3 Bxd3 42.Qxd3
Rc2 43.Re2 Rxe2 44.Qxe2 Qc5 45.Nfe3 Nf4 46.Qb5 Qxb5 47.axb5 Nxg2
48.Nxg2 Rc2 49.Ba1 Rf2 50.Rb1 Rxf3 51.Kg1 Rxh3 52.Kf2 Rg3 53.Ne1
Rxg4 54.Nf3 Bd8 55.Rc1 Bb6+ 56.Ke2 Rxe4+ 57.Kf1 Nc5 58.Nd2 Rf4+
59.Ke2 h3 60.Nc4 Nd7 61.Nxd6 Rf2+ 0-1

[Event "Êîìàíäíîå ïåð-âî ÐÔ 2012 ã. ïî êëàññè÷åñêèì øàõìàòàì "]
[Site "Ðûáèíñê"]
[Date "2012.08.09"]
[Round "8.81"]
[White "Äåíèñîâ Âëàäèñëàâ "]
[Black "Áîÿðñêèé Àëåêñàíäð "]
[Result "1-0"]
[WhiteElo "2110"]
[BlackElo "2210"]
[Annotator ""]
[Source ""]
[Remark ""]

1.e4 c6 2.d4 d5 3.Nd2 dxe4 4.Nxe4 Bf5 5.Ng3 Bg6 6.Nf3 Nd7 7.Bd3
Ngf6 8.O-O e6 9.b3 Be7 10.Bb2 O-O 11.Bxg6 hxg6 12.c4 a5 13.a3
b5 14.Qc2 Rc8 15.Rfd1 Nb6 16.a4 bxc4 17.bxc4 Qc7 18.c5 Nbd7 19.Nd2
Nd5 20.Nc4 Bf6 21.Ne4 Rb8 22.Rab1 Rb4 23.Ba3 Rxb1 24.Nxf6+ N7xf6
25.Rxb1 Qf4 26.Nxa5 Qxd4 27.Nxc6 Qf4 28.Bc1 Qc7 29.Nb4 Rc8 30.Nd3
e5 31.f3 e4 32.fxe4 Nxe4 33.Ba3 Qd8 34.Re1 f5 35.Qc4 Kh7 36.Bb2
Nb6 37.Qd4 Qxd4+ 38.Bxd4 Nxa4 39.Rc1 Rd8 40.Rc4 Nac3 41.Bxc3
Rxd3 42.Be1 Rd7 43.c6 Rc7 44.Ba5 Ra7 45.c7 Nd6 46.Rc5 Nc8 47.Bc3
Kg8 48.Kf2 Kf7 49.Ke3 Ke6 50.Bxg7 Kd7 51.Be5 Ne7 52.g3 Ra8 53.Kf4
Ke6 54.Kg5 Rc8 55.Bf6 Ng8 56.Bd8 Kf7 57.Rc6 1-0

[Event "Êîìàíäíîå ïåð-âî ÐÔ 2012 ã. ïî êëàññè÷åñêèì øàõìàòàì "]
[Site "Ðûáèíñê"]
[Date "2012.08.09"]
[Round "8.82"]
[White "Ñóòîðìèí Äàíèëà "]
[Black "Ïàÿíèäè ßíèñ "]
[Result "1/2-1/2"]
[WhiteElo "2224"]
[BlackElo "2096"]
[Annotator ""]
[Source ""]
[Remark ""]

1.e4 e6 2.d4 d5 3.Nc3 Nf6 4.Bg5 Be7 5.e5 Nfd7 6.h4 Bxg5 7.hxg5
Qxg5 8.Qd3 g6 9.Nf3 Qe7 10.O-O-O Nc6 11.Qe3 h5 12.Qf4 Nb6 13.g4
Bd7 14.gxh5 gxh5 15.Bd3 O-O-O 16.Rdg1 Rdg8 17.Rxg8+ Rxg8 18.Rxh5
Nd8 19.Ne2 Na4 20.a3 Nb6 21.Ng5 Be8 22.Nh7 Nd7 23.Ng3 a6 24.Rh6
Nc6 25.Qe3 Rg4 26.c3 Na5 27.f4 c5 28.Nf6 cxd4 29.cxd4 Nxf6 30.Rxf6
Nb3+ 31.Kb1 Nxd4 32.Qxd4 Rxg3 33.f5 Rh3 34.fxe6 fxe6 35.Ka2 Kb8
36.Be2 Rh7 37.Qb6 Qc7 38.Rxe6 Qxb6 39.Rxb6 Re7 40.Rb3 Bf7 41.Kb1
Ka7 42.Rf3 Bh5 43.Rf2 Bg6+ 44.Kc1 Rxe5 45.Kd2 Be4 46.Rf6 Rg5
47.Bf3 Bxf3 48.Rxf3 Kb6 49.Rf7 Rg2+ 50.Kc3 d4+ 51.Kxd4 Rxb2 52.Kc4
Ka5 53.Kc3 Rb1 54.Rf4 Kb6 55.Rf5 a5 56.Kc2 Rb5 57.Rf6+ Ka7 58.Rh6
Rb6 59.Rh4 Ka6 60.Kc3 Rb5 61.Rh6+ b6 62.Rh4 Rb1 63.Kc2 Rg1 64.Kb2
Rg2+ 65.Kb3 Rg3+ 66.Kb2 Kb5 67.Rh5+ Kc4 68.Rh4+ 1/2-1/2

[Event "Êîìàíäíîå ïåð-âî ÐÔ 2012 ã. ïî êëàññè÷åñêèì øàõìàòàì "]
[Site "Ðûáèíñê"]
[Date "2012.08.09"]
[Round "8.83"]
[White "Ãëóøêîâ Ëåâ "]
[Black "Âàñèëåíêî Àðòåì "]
[Result "0-1"]
[WhiteElo "1987"]
[BlackElo "2135"]
[Annotator ""]
[Source ""]
[Remark ""]

1.e4 c5 2.Nf3 d6 3.d4 cxd4 4.Nxd4 Nf6 5.f3 a6 6.c4 e5 7.Nb3 Be6
8.Be3 Nbd7 9.Nc3 Rc8 10.Nd5 Bxd5 11.cxd5 Be7 12.Be2 O-O 13.O-O
Nb6 14.Rc1 Rxc1 15.Qxc1 Nfd7 16.Qd2 f5 17.Na5 f4 18.Bf2 Qb8 19.Qb4
Bd8 20.Rc1 Kh8 21.Rc3 g5 22.a4 Bc7 23.Nb3 Na8 24.Na5 Nab6 25.Nb3
Na8 26.Na5 Nab6 27.Nb3 Na8 28.Na5 Nab6 29.Rb3 Rc8 30.Nc4 Nxc4
31.Bxc4 b5 32.axb5 a5 33.Qd2 Bb6 34.Bf1 Nc5 35.Ra3 a4 36.g3 Nb3
37.Qe2 Qa7 38.Bxb6 Qxb6+ 39.Qf2 Nd4 40.Bd3 Nxf3+ 41.Kg2 Nd4 42.Rxa4
f3+ 43.Kh3 Qc7 44.Rxd4 g4+ 45.Kxg4 Qg7+ 46.Kxf3 Rf8+ 47.Ke3 exd4+ 0-1

[Event "Êîìàíäíîå ïåð-âî ÐÔ 2012 ã. ïî êëàññè÷åñêèì øàõìàòàì "]
[Site "Ðûáèíñê"]
[Date "2012.08.09"]
[Round "8.84"]
[White "×õàíü Âèêòîðèÿ "]
[Black "Èâàíîâà Êàðèíà "]
[Result "0-1"]
[WhiteElo "2058"]
[BlackElo "1970"]
[Annotator ""]
[Source ""]
[Remark ""]

1.d4 Nf6 2.c4 e6 3.Nc3 Bb4 4.Qc2 c5 5.dxc5 Bxc5 6.e3 O-O 7.Nf3
Nc6 8.a3 a5 9.Be2 d5 10.cxd5 Nxd5 11.Ne4 Be7 12.O-O h6 13.Ng3
Qc7 14.Bb5 Bd7 15.Rd1 Rac8 16.e4 Nf6 17.Qe2 Rfd8 18.Bd3 Ne5 19.Nxe5
Qxe5 20.f4 Bc5+ 21.Kh1 Qb8 22.e5 Nh7 23.Nh5 Qc7 24.Qg4 Bf8 25.Be3
b6 26.Be4 Ba4 27.Re1 Bc6 28.Bf3 Qb7 29.Qg3 Bxf3 30.gxf3 Rd3 31.Re2
g6 32.f5 exf5 33.e6 Bd6 34.Qg2 Ng5 35.Rf1 Nxe6 36.Bxh6 Kh7 37.Rxe6
Kxh6 38.Nf6 Rxf3 39.Rg1 Rf2 40.Ng8+ Rxg8 0-1

[Event "Êîìàíäíîå ïåð-âî ÐÔ 2012 ã. ïî êëàññè÷åñêèì øàõìàòàì "]
[Site "Ðûáèíñê"]
[Date "2012.08.09"]
[Round "8.91"]
[White "Ìàñëîâ Èâàí "]
[Black "Âàñåïöîâ Ìàêñèì "]
[Result "0-1"]
[WhiteElo "1975"]
[BlackElo "2240"]
[Annotator ""]
[Source ""]
[Remark ""]

1.e4 c5 2.c3 e6 3.d4 d5 4.exd5 Qxd5 5.Nf3 Nc6 6.Be3 cxd4 7.cxd4
Nf6 8.Nc3 Qd8 9.Bd3 Be7 10.O-O O-O 11.a3 b6 12.Rc1 Bb7 13.Bb1
Nd5 14.Qd3 g6 15.Bh6 Re8 16.Ne4 f5 17.Neg5 Bf6 18.Ba2 Qd6 19.b4
a6 20.Qc4 Rac8 21.Qd3 Bg7 22.Bxg7 Kxg7 23.Rfe1 h6 24.Nh3 g5 25.Ne5
Nxe5 26.dxe5 Rxc1 27.Rxc1 Qxe5 28.Bxd5 Qxd5 29.Qg3 Rc8 30.Re1
Kf7 31.f3 Rc2 32.Nf2 Qd4 33.Rd1 Rd2 34.Qc7+ Kf6 35.Rf1 Bd5 36.Qh7
Bc4 37.Qxh6+ Kf7 38.Qh5+ Kf8 39.Qh6+ Qg7 40.Qxg7+ Kxg7 41.Rc1
b5 42.h3 Kf6 43.Re1 Ra2 44.Re3 Ra1+ 45.Kh2 Rf1 46.Nd3 f4 0-1

[Event "Êîìàíäíîå ïåð-âî ÐÔ 2012 ã. ïî êëàññè÷åñêèì øàõìàòàì "]
[Site "Ðûáèíñê"]
[Date "2012.08.09"]
[Round "8.92"]
[White "Áàéãèëüäèí Àëüáåðò "]
[Black "Íàâðîäñêèé Áîðèñ "]
[Result "1-0"]
[WhiteElo "2170"]
[BlackElo "1953"]
[Annotator ""]
[Source ""]
[Remark ""]

1.e4 Nf6 2.e5 Nd5 3.d4 d6 4.Nf3 g6 5.Bc4 Nb6 6.Bb3 Bg7 7.Ng5
d5 8.f4 O-O 9.O-O f6 10.Nf3 Bg4 11.h3 Bxf3 12.Rxf3 fxe5 13.fxe5
e6 14.Rxf8+ Qxf8 15.Qg4 Qf5 16.Qxf5 gxf5 17.Be3 N8d7 18.Nd2 Rc8
19.c3 c5 20.Nf3 h6 21.Re1 cxd4 22.Bxd4 Nc4 23.Re2 a5 24.Ba4 Nc5
25.Bxc5 Rxc5 26.Bd7 Kf7 27.Nd4 Nxe5 28.Bxe6+ Ke7 29.Nxf5+ Kxe6
30.Nxg7+ Kf7 31.Rxe5 Kxg7 32.Re7+ Kf6 33.Rxb7 Ke5 34.Rb6 d4 35.Rxh6
d3 36.Kf2 d2 37.Ke2 Kf4 38.Rh4+ Kg3 39.Rg4+ Kh2 40.Kxd2 1-0

[Event "Êîìàíäíîå ïåð-âî ÐÔ 2012 ã. ïî êëàññè÷åñêèì øàõìàòàì "]
[Site "Ðûáèíñê"]
[Date "2012.08.09"]
[Round "8.93"]
[White "Ïàê Ìàòâåé "]
[Black "Öâåòêîâ Ïàâåë "]
[Result "0-1"]
[WhiteElo "1800"]
[BlackElo "2044"]
[Annotator ""]
[Source ""]
[Remark ""]

1.e4 c6 2.d4 d5 3.e5 c5 4.c3 Bf5 5.Nf3 e6 6.Be3 Qb6 7.Qb3 c4
8.Qxb6 axb6 9.Nbd2 b5 10.b4 Ra3 11.Nh4 Bc2 12.Rc1 Rxa2 13.Be2
Nc6 14.O-O Ba4 15.Bd1 f6 16.Nhf3 Nge7 17.Bxa4 bxa4 18.Ra1 Rxa1
19.Rxa1 b5 20.Nb1 Ng6 21.Na3 Na7 22.Nd2 Kd7 23.f4 Kc6 24.g3 Kb6
25.Nf3 Nc6 26.Nc2 Be7 27.Kg2 Ra8 28.Bd2 Bf8 29.g4 Nge7 30.h4
Nb8 31.Kg3 Nec6 32.Kg2 Kb7 33.Na3 Kb6 34.Nc2 Na6 35.Kg3 Be7 36.Kh3
Rd8 37.Kg3 Nc7 38.Kh3 Na6 39.Kg3 fxe5 40.fxe5 Rf8 41.Be1 Rf7
42.Bd2 h6 43.Ra2 Nab8 44.Ra1 Bd8 45.Ra2 Nd7 46.Ra1 Bc7 47.Bf4
Ne7 48.Bd2 Ng6 49.Re1 Rf8 50.Na3 Kc6 51.Nc2 Bd8 52.Na3 Rf7 53.Nc2
Ndf8 54.Na3 Be7 55.Nc2 Bd8 56.Na3 Ra7 57.Kg2 Nd7 58.Kg3 Nb8 59.Ra1
Rf7 60.Re1 Na6 61.Nc2 Nc7 62.Na3 Na8 63.Nc2 Nb6 64.Na3 Rf8 65.Ra1
Nc8 66.Re1 Nce7 67.Ra1 h5 68.Ng5 Kd7 69.Nxb5 hxg4 70.Rxa4 Nf5+
71.Kxg4 Nfxh4 72.Ra7+ Kc6 73.Nxe6 Rf2 74.Nxd8+ Kxb5 75.Bc1 Rg2+
76.Kh3 Rg1 77.Be3 Rf1 78.Rf7 Nf5 79.e6 Nxe3 80.e7 Rh1+ 81.Kg3
Nxe7 82.Rxe7 Nf5+ 83.Kg2 Nxe7 84.Kxh1 Nf5 85.Ne6 Ng3+ 86.Kg2
Ne4 87.Nc7+ Kc6 88.Ne6 g6 89.Nf4 Nxc3 90.Nxg6 Ne2 91.b5+ Kxb5
92.Ne7 c3 93.Kf2 c2 94.Kxe2 c1Q 0-1

[Event "Êîìàíäíîå ïåð-âî ÐÔ 2012 ã. ïî êëàññè÷åñêèì øàõìàòàì "]
[Site "Ðûáèíñê"]
[Date "2012.08.09"]
[Round "8.94"]
[White "Íàñûáóëèíà Àëüôèÿ "]
[Black "Îáîëåíöåâà Àëåêñàíäðà "]
[Result "0-1"]
[WhiteElo "2064"]
[BlackElo "1950"]
[Annotator ""]
[Source ""]
[Remark ""]

1.d4 Nf6 2.c4 g6 3.g3 Bg7 4.Bg2 d6 5.Nc3 O-O 6.e3 c6 7.Nge2 Qb6
8.O-O Qa6 9.b3 Nbd7 10.Bb2 Rb8 11.a4 Qa5 12.Qd3 a6 13.f4 c5 14.d5
Qc7 15.e4 Ne8 16.Nd1 Bxb2 17.Nxb2 f6 18.Qc3 Ng7 19.Nd3 b5 20.cxb5
axb5 21.Kh1 b4 22.Qc2 Ba6 23.Rac1 Qa7 24.Rfe1 Rfc8 25.Nb2 c4
26.bxc4 Rc7 27.Qd2 Nc5 28.Nd4 Qb6 29.Rcd1 b3 30.Nc6 Re8 31.e5
Bb7 32.exd6 exd6 33.Rxe8+ Nxe8 34.Re1 Ng7 35.Ne7+ Kf8 36.Qe2
Ba8 37.f5 g5 38.g4 Qa7 39.Nc6 Bxc6 40.dxc6 Re7 41.Qd2 Rxe1+ 42.Qxe1
Ne8 43.Qb4 Qe7 44.Qd2 Qe5 45.h3 Ke7 46.Kg1 Nxa4 47.Nxa4 Qa1+
48.Kh2 Qxa4 49.Qe3+ Kf8 50.Qe6 Qa5 51.c5 b2 52.cxd6 Qd8 53.Qb3
Qxd6+ 54.Kh1 Qd2 55.Qa3+ Nd6 56.Be4 Qe1+ 57.Kh2 Qd2+ 58.Kg1 Kg7
59.Qa7+ Kh6 60.Qe7 Qe1+ 61.Kh2 Qe2+ 0-1